Register of missionaries (Clerical, lay, & female), and native clergy, from 1804-1904 /

Saved in:
Bibliographic Details
Corporate Author: Church Missionary Society (Great Britain)
Format: Book
Language:English
Published: [s.l.] : Church Missionary Society?, pref. 1895.
Subjects:
LEADER 01036nam a2200241 i 4500
001 c000125183
003 CARM
005 00000000000000.0
008 850328n xx 0 eng d
019 1 |a 9251405  |5 LACONCORD2021 
035 |a (OCoLC)154655625  |5 LACONCORD2021 
082 0 4 |a 266.3  |2 21 
110 2 0 |a Church Missionary Society (Great Britain) 
245 1 0 |a Register of missionaries (Clerical, lay, & female), and native clergy, from 1804-1904 /  |c Church Missionary Society. 
260 |a [s.l.] :  |b Church Missionary Society?,  |c pref. 1895. 
300 |a 513 p. 
500 |a First register was published in 1862 as an appendix to the C.M. atlas. 
610 2 0 |a Church Missionary Society  |x Biography. 
610 2 0 |a Church of England  |x Missions  |x Biography. 
650 0 |a Missionaries  |x Biography. 
852 8 |b CARM  |h A2:AE05B0  |i B00367  |p 0018604  |f BK 
999 f f |i d61789fa-6009-5cab-bc83-a80136f6f12c  |s 6bff8e25-88eb-5037-bf2e-a18ec06d3caf 
952 f f |p Can circulate  |a CAVAL  |b CAVAL  |c CAVAL  |d CARM 1 Store  |e B00367  |f A2:AE05B0  |h Other scheme  |i book  |m 0018604